000 02374nab a2200289 a 4500
005 20250924063922.0
008 991125c2017 sp fr p o 000 0 spa d
035 _aUPN01000228207
040 _aUPN
_bspa
_cUPN
_eaacr2
049 _aART-E
100 1 _aRodríguez Martínez, María del Carmen
_6- marrodmar@uma.es
100 1 _aOrtega Fernández, Emilio
100 1 _aSánchez Vega, Elena
245 1 0 _aAplicación de nuevas tecnologías en personas mayores con trastorno cognitivo leve-moderado desde la Terapia Ocupacional
_h[recurso electrónico en línea]
506 0 _aAcceso abierto
520 3 _aEsta revisión bibliográfica pretende ofrecer una visión de las posibilidades que ofrecen las nuevas tecnologías a personas mayores con deterioro cognitivo levemoderado para retardar o frenar los síntomas de deterioro cognitivo. Actualmente, las nuevas tecnologías de la información y la comunicación tienen mucho protagonismo y se han convertido en una herramienta con mucho potencial para este tipo de personas. Para ello, se han analizado una serie de estudios sobre el uso de las nuevas tecnologías en personas mayores con trastornos cognitivos con el fin de ofrecer una visión más clara sobre los datos obtenidos hasta el día de hoy respecto a este campo de investigación en terapia ocupacional. Se seleccionaron un total de 204 artículos, tras un proceso de duplicación y tras pasar diferentes herramientas de calidad, quedaron un total de 7 artículos. Los resultados encontrados indican que las nuevas tecnologías contribuyen a disminuir algunos síntomas asociados a la enfermedad, como la ansiedad y la depresión, mejorando además ciertas funciones cognitivas en personas que tienen un deterioro cognitivo leve-moderado, siendo importante combinarlas con las terapias tradicionales.
650 2 _aTerapia ocupacional
_919286
650 4 _aTecnologías de la información y comunicación
_921219
650 2 _927578
_aAdultos mayores
653 0 _aDeterioro cognitivo leve
773 _gVol. 3, no. 1 (2017), p. 75-84
_tInnoeduca. International journal of technology and educational innovation
_x2444-2925
856 4 _uhttp://www.revistas.uma.es/index.php/innoeduca/article/view/2037/2484
856 4 _uhttp://dx.doi.org/10.24310/innoeduca.2017.v3i1.2037
902 _aGloria Jimnénez
905 _aArticulo
942 _cART-E
999 _c200302
_d200302